Rental growth will continue to offer Central London office investment performance in 07/08 (Record no. 78415)
[ view plain ]
| 000 -LEADER | |
|---|---|
| fixed length control field | 01374cab a2200193 4500 |
| 001 - CONTROL NUMBER | |
| control field | L136721 |
| 008 - FIXED-LENGTH DATA ELEMENTS--GENERAL INFORMATION | |
| fixed length control field | 070219n2007 000 0 eng u |
| 035 ## - SYSTEM CONTROL NUMBER | |
| System control number | (Sirsi) u136721 |
| 041 0# - LANGUAGE CODE | |
| Language code of text/sound track or separate title | eng |
| 110 2# - MAIN ENTRY--CORPORATE NAME | |
| Corporate name or jurisdiction name as entry element | Knight Frank LLP |
| 9 (RLIN) | 5122 |
| 245 00 - TITLE STATEMENT | |
| Title | Rental growth will continue to offer Central London office investment performance in 07/08 |
| Medium | [electronic resource] |
| 260 ## - PUBLICATION, DISTRIBUTION, ETC. | |
| Place of publication, distribution, etc. | London |
| Name of publisher, distributor, etc. | Knight Frank |
| Date of publication, distribution, etc. | 2007 |
| 520 ## - SUMMARY, ETC. | |
| Summary, etc. | Predicts that: prime headline rents in the City will increase by 13.6% to £62 50 per sq ft by end Q4 2007 and by a further 8.0% by end of 2008 to £67 50 per sq ft (Q4 2006: £55 00 per sq ft); prime headline rents in the core West End will increase by 16.7% to £105 00 per sq ft by end Q4 2007 and then stabilise throughout 2008 (Q4 2006: £90 00 per sq ft); West End rental growth opportunities will primarily be outside the core in 2008. 2006 saw Victoria benefit from increased rental growth. In 2008, north of Oxford Street will benefit in response to the quality and volume of available supply; and expansion driven demand in the corporate and financial sector will lead to positive net absorption across Central London |
| 590 ## - LOCAL NOTE (RLIN) | |
| Local note | KA |
| 651 #4 - SUBJECT ADDED ENTRY--GEOGRAPHIC NAME | |
| Geographic name | LONDON |
| 690 ## - LOCAL SUBJECT ADDED ENTRY--TOPICAL TERM (OCLC, RLIN) | |
| Topical term or geographic name as entry element | PROPERTY-COMMERCIAL PROPERTY-COMMERCIAL PROPERTY MARKET |
| 856 40 - ELECTRONIC LOCATION AND ACCESS | |
| Uniform Resource Identifier | <a href="https://www.knightfrank.co.uk/press">https://www.knightfrank.co.uk/press</a> |
| Public note | View the press release at www.knightfrank.co.uk... |
| 942 ## - ADDED ENTRY ELEMENTS (KOHA) | |
| Suppress in OPAC | 0 |
| Withdrawn status | Lost status | Source of classification or shelving scheme | Damaged status | Not for loan | Home library | Current library | Shelving location | Date acquired | Total Checkouts | Full call number | Barcode | Date last seen | Copy number | Price effective from | Koha item type |
|---|---|---|---|---|---|---|---|---|---|---|---|---|---|---|---|
| Dewey Decimal Classification | Virtual | Virtual | Online | 19/02/2007 | ONLINE PUBLICATION | 136721-1001 | 06/08/2019 | 1 | 06/08/2019 | Journal article |